000
00360nam a2200133Ia 4500
008
231129s2015||||xx |||||||||||||| ||spa||
020
_a
978-84-15256-85-4
082
_a
792 V632m
100
_a
Vicente Andrés.
245
0
_a
Manual del actor
260
_c
2015
264
_a
Barcelona : Redbook ediciones
942
_2
ddc
_c
BKS
999
_c
20472
_d
20472